| 000 | 01023cab a22002055a 4500 | ||
|---|---|---|---|
| 001 | L148740 | ||
| 008 | 091030e2009102 xxk 000 0 eng d | ||
| 035 | _a(Sirsi) u148740 | ||
| 041 | 0 | _aeng | |
| 110 | 2 |
_aEstates Gazette _9298 |
|
| 245 | 0 | 0 | _aLondon offices market analysis |
| 260 | _c2009 | ||
| 490 |
_aEstates Gazette _v(0942) 24 October 2009, 83-98(16) |
||
| 490 |
_aEstate Gazette London Offices Market Analysis _v(issue 3) July-September 2009, 1-16(17) |
||
| 520 | _aTake up, supply, availability rates, asking rents, construction and investment trends for various locations across London between July and September 2009. Occupier demand, despite a slight improvement on 2Q 2009, is at a low level and an abundance of secondary stock is lying vacant. Yields are showing signs of hardening for prime stock. Overseas capital dominates the investment market. The outlook is cautiously optimistic | ||
| 590 | _aKA | ||
| 651 | 4 | _aLondon | |
| 690 | _aPROPERTY-OFFICE PROPERTY-OFFICE PROPERTY MARKET | ||
| 942 | _n0 | ||
| 999 |
_c81940 _d81940 |
||